000 01203nas a2200265 a 4500
001 000045421
003 DLC
005 20240902152101.0
008 150309c20149999dr r1pdd 0 0spa d
022 _a2308-0556
040 _aDO-SdBNP
_bspa
_cBNPHU
_erda
043 _anwdr
245 0 0 _aCapacitando.
260 _aSanto Domingo, República Dominicana :
_bCapacitando Global SRL.,
_c2014
_fEditora Tele-3
300 _av. :
_bil. ;
_c28 cm.
310 _aTrimestral
362 1 _aInicia con: Año.2: no.5 (Enero-marzo, 2014)
500 _aCatalogación basada en: Año.2: no.5 (Enero-marzo, 2014).
500 _aDirector: 2014, Eric R. Oller Valerio
505 _aLa revista capacitando es una publicación de la firma Capacitando Global, SRL. Los comceptos expresados constituyen la opinión de los autores y es de su exclusiva responsabilidad. Queda prohibida la reproducción parcial o total de los contenidos sin autorización expresa de sus autores.
650 4 _aTecnología
_xEnseñanza
_vPUBLICACIONES PERIÓDICAS
_973469
650 4 _aEducación superior
_xServicios de información
_zRepública Dominicana
_973470
700 1 _aOller Valerio, Eric R.,
_edir.
_973471
942 _2ddc
_cISSUE
999 _c44910
_d44910